| 000 | 00552nam a2200181Ia 4500 | ||
|---|---|---|---|
| 008 | 140626s9999 xx 000 0 und d | ||
| 100 | _aBrutus, Stephane. | ||
| 245 |
_aSelf-reported limitations and future directions in scholarly reports : _b analysis and recommendations / _cStephane Brutus ... [et al.]. |
||
| 260 | _cc2013. | ||
| 300 | _a39 : 1, page 48 | ||
| 440 | _aJournal of Management | ||
| 521 | _aBSBA | ||
| 650 | _aLimitations. | ||
| 650 | _aMethodology. | ||
| 650 | _aResearch communication. | ||
| 650 | _aValidity. | ||
| 942 | _cSE | ||
| 999 |
_c121004 _d121004 |
||